<?xml version="1.0" encoding="UTF-8"?>
<record
    xmlns:xsi="http://www.w3.org/2001/XMLSchema-instance"
    xsi:schemaLocation="http://www.loc.gov/MARC21/slim http://www.loc.gov/standards/marcxml/schema/MARC21slim.xsd"
    xmlns="http://www.loc.gov/MARC21/slim">

  <leader>00349nam a2200145Ia 4500</leader>
  <controlfield tag="008">230917s9999||||xx |||||||||||||| ||und||</controlfield>
  <datafield tag="040" ind1=" " ind2=" ">
    <subfield code="e">125979</subfield>
    <subfield code="a">MAIN</subfield>
  </datafield>
  <datafield tag="041" ind1=" " ind2=" ">
    <subfield code="a">English</subfield>
  </datafield>
  <datafield tag="082" ind1=" " ind2=" ">
    <subfield code="a">515 T159A</subfield>
  </datafield>
  <datafield tag="100" ind1=" " ind2=" ">
    <subfield code="a">Tao, Terence</subfield>
  </datafield>
  <datafield tag="245" ind1=" " ind2="0">
    <subfield code="a">Analysis I</subfield>
  </datafield>
  <datafield tag="260" ind1=" " ind2=" ">
    <subfield code="a">New Delhi</subfield>
    <subfield code="b">Hindustan Book Agency</subfield>
    <subfield code="c">2006</subfield>
  </datafield>
  <datafield tag="300" ind1=" " ind2=" ">
    <subfield code="a">388p p. + 1xp</subfield>
  </datafield>
  <datafield tag="942" ind1=" " ind2=" ">
    <subfield code="c">BK</subfield>
  </datafield>
  <datafield tag="952" ind1=" " ind2=" ">
    <subfield code="0">0</subfield>
    <subfield code="1">0</subfield>
    <subfield code="4">0</subfield>
    <subfield code="6">515_000000000000000_T159A</subfield>
    <subfield code="7">0</subfield>
    <subfield code="9">241872</subfield>
    <subfield code="a">MAIN</subfield>
    <subfield code="b">MAIN</subfield>
    <subfield code="d">2010-01-15</subfield>
    <subfield code="l">0</subfield>
    <subfield code="o">515 T159A</subfield>
    <subfield code="p">264491</subfield>
    <subfield code="r">2023-09-17 21:34:23</subfield>
    <subfield code="w">2023-09-17</subfield>
    <subfield code="y">BK</subfield>
  </datafield>
  <datafield tag="952" ind1=" " ind2=" ">
    <subfield code="0">0</subfield>
    <subfield code="1">0</subfield>
    <subfield code="4">0</subfield>
    <subfield code="6">515_000000000000000_T159A</subfield>
    <subfield code="7">0</subfield>
    <subfield code="9">241873</subfield>
    <subfield code="a">MAIN</subfield>
    <subfield code="b">MAIN</subfield>
    <subfield code="d">2010-01-15</subfield>
    <subfield code="l">0</subfield>
    <subfield code="o">515 T159A</subfield>
    <subfield code="p">264492</subfield>
    <subfield code="r">2023-09-17 21:34:23</subfield>
    <subfield code="w">2023-09-17</subfield>
    <subfield code="y">BK</subfield>
  </datafield>
  <datafield tag="952" ind1=" " ind2=" ">
    <subfield code="0">0</subfield>
    <subfield code="1">0</subfield>
    <subfield code="4">0</subfield>
    <subfield code="6">515_000000000000000_T159A</subfield>
    <subfield code="7">0</subfield>
    <subfield code="9">241874</subfield>
    <subfield code="a">MAIN</subfield>
    <subfield code="b">MAIN</subfield>
    <subfield code="d">2010-01-15</subfield>
    <subfield code="l">0</subfield>
    <subfield code="o">515 T159A</subfield>
    <subfield code="p">264493</subfield>
    <subfield code="r">2023-09-17 21:34:23</subfield>
    <subfield code="w">2023-09-17</subfield>
    <subfield code="y">BK</subfield>
  </datafield>
  <datafield tag="952" ind1=" " ind2=" ">
    <subfield code="0">0</subfield>
    <subfield code="1">0</subfield>
    <subfield code="4">0</subfield>
    <subfield code="6">515_000000000000000_T159A</subfield>
    <subfield code="7">0</subfield>
    <subfield code="9">241875</subfield>
    <subfield code="a">MAIN</subfield>
    <subfield code="b">MAIN</subfield>
    <subfield code="d">2010-01-15</subfield>
    <subfield code="l">0</subfield>
    <subfield code="o">515 T159A</subfield>
    <subfield code="p">264494</subfield>
    <subfield code="r">2023-09-17 21:34:23</subfield>
    <subfield code="w">2023-09-17</subfield>
    <subfield code="y">BK</subfield>
  </datafield>
  <datafield tag="952" ind1=" " ind2=" ">
    <subfield code="0">0</subfield>
    <subfield code="1">0</subfield>
    <subfield code="4">0</subfield>
    <subfield code="6">515_000000000000000_T159A</subfield>
    <subfield code="7">0</subfield>
    <subfield code="9">241876</subfield>
    <subfield code="a">MAIN</subfield>
    <subfield code="b">MAIN</subfield>
    <subfield code="d">2010-01-15</subfield>
    <subfield code="l">0</subfield>
    <subfield code="o">515 T159A</subfield>
    <subfield code="p">264495</subfield>
    <subfield code="r">2023-09-17 21:34:23</subfield>
    <subfield code="w">2023-09-17</subfield>
    <subfield code="y">BK</subfield>
  </datafield>
  <datafield tag="952" ind1=" " ind2=" ">
    <subfield code="0">0</subfield>
    <subfield code="1">0</subfield>
    <subfield code="4">0</subfield>
    <subfield code="6">515_000000000000000_T159A</subfield>
    <subfield code="7">0</subfield>
    <subfield code="9">241877</subfield>
    <subfield code="a">MAIN</subfield>
    <subfield code="b">MAIN</subfield>
    <subfield code="d">2010-01-15</subfield>
    <subfield code="l">0</subfield>
    <subfield code="o">515 T159A</subfield>
    <subfield code="p">264496</subfield>
    <subfield code="r">2023-09-17 21:34:23</subfield>
    <subfield code="w">2023-09-17</subfield>
    <subfield code="y">BK</subfield>
  </datafield>
  <datafield tag="952" ind1=" " ind2=" ">
    <subfield code="0">0</subfield>
    <subfield code="1">0</subfield>
    <subfield code="4">0</subfield>
    <subfield code="6">515_000000000000000_T159A</subfield>
    <subfield code="7">0</subfield>
    <subfield code="9">241878</subfield>
    <subfield code="a">MAIN</subfield>
    <subfield code="b">MAIN</subfield>
    <subfield code="d">2010-01-15</subfield>
    <subfield code="l">0</subfield>
    <subfield code="o">515 T159A</subfield>
    <subfield code="p">264497</subfield>
    <subfield code="r">2023-09-17 21:34:23</subfield>
    <subfield code="w">2023-09-17</subfield>
    <subfield code="y">BK</subfield>
  </datafield>
  <datafield tag="952" ind1=" " ind2=" ">
    <subfield code="0">0</subfield>
    <subfield code="1">0</subfield>
    <subfield code="4">0</subfield>
    <subfield code="6">515_000000000000000_T159A</subfield>
    <subfield code="7">0</subfield>
    <subfield code="9">241879</subfield>
    <subfield code="a">MAIN</subfield>
    <subfield code="b">MAIN</subfield>
    <subfield code="d">2010-01-15</subfield>
    <subfield code="l">0</subfield>
    <subfield code="o">515 T159A</subfield>
    <subfield code="p">264498</subfield>
    <subfield code="r">2023-09-17 21:34:23</subfield>
    <subfield code="w">2023-09-17</subfield>
    <subfield code="y">BK</subfield>
  </datafield>
  <datafield tag="952" ind1=" " ind2=" ">
    <subfield code="0">0</subfield>
    <subfield code="1">0</subfield>
    <subfield code="4">0</subfield>
    <subfield code="6">515_000000000000000_T159A</subfield>
    <subfield code="7">0</subfield>
    <subfield code="9">241880</subfield>
    <subfield code="a">MAIN</subfield>
    <subfield code="b">MAIN</subfield>
    <subfield code="d">2010-01-15</subfield>
    <subfield code="l">0</subfield>
    <subfield code="o">515 T159A</subfield>
    <subfield code="p">264499</subfield>
    <subfield code="r">2023-09-17 21:34:23</subfield>
    <subfield code="w">2023-09-17</subfield>
    <subfield code="y">BK</subfield>
  </datafield>
  <datafield tag="952" ind1=" " ind2=" ">
    <subfield code="0">0</subfield>
    <subfield code="1">0</subfield>
    <subfield code="4">0</subfield>
    <subfield code="6">515_000000000000000_T159A</subfield>
    <subfield code="7">0</subfield>
    <subfield code="9">241881</subfield>
    <subfield code="a">MAIN</subfield>
    <subfield code="b">MAIN</subfield>
    <subfield code="d">2010-01-15</subfield>
    <subfield code="l">0</subfield>
    <subfield code="o">515 T159A</subfield>
    <subfield code="p">264500</subfield>
    <subfield code="r">2023-09-17 21:34:23</subfield>
    <subfield code="w">2023-09-17</subfield>
    <subfield code="y">BK</subfield>
  </datafield>
  <datafield tag="952" ind1=" " ind2=" ">
    <subfield code="0">0</subfield>
    <subfield code="1">0</subfield>
    <subfield code="4">0</subfield>
    <subfield code="6">515_000000000000000_T159A</subfield>
    <subfield code="7">0</subfield>
    <subfield code="9">241882</subfield>
    <subfield code="a">MAIN</subfield>
    <subfield code="b">MAIN</subfield>
    <subfield code="d">2010-01-15</subfield>
    <subfield code="l">0</subfield>
    <subfield code="o">515 T159A</subfield>
    <subfield code="p">264501</subfield>
    <subfield code="r">2023-09-17 21:34:23</subfield>
    <subfield code="w">2023-09-17</subfield>
    <subfield code="y">BK</subfield>
  </datafield>
  <datafield tag="952" ind1=" " ind2=" ">
    <subfield code="0">0</subfield>
    <subfield code="1">0</subfield>
    <subfield code="4">0</subfield>
    <subfield code="6">515_000000000000000_T159A</subfield>
    <subfield code="7">0</subfield>
    <subfield code="9">241883</subfield>
    <subfield code="a">MAIN</subfield>
    <subfield code="b">MAIN</subfield>
    <subfield code="d">2010-01-15</subfield>
    <subfield code="l">0</subfield>
    <subfield code="o">515 T159A</subfield>
    <subfield code="p">264502</subfield>
    <subfield code="r">2023-09-17 21:34:23</subfield>
    <subfield code="w">2023-09-17</subfield>
    <subfield code="y">BK</subfield>
  </datafield>
  <datafield tag="952" ind1=" " ind2=" ">
    <subfield code="0">0</subfield>
    <subfield code="1">0</subfield>
    <subfield code="4">0</subfield>
    <subfield code="6">515_000000000000000_T159A</subfield>
    <subfield code="7">0</subfield>
    <subfield code="9">241884</subfield>
    <subfield code="a">MAIN</subfield>
    <subfield code="b">MAIN</subfield>
    <subfield code="d">2010-01-15</subfield>
    <subfield code="l">0</subfield>
    <subfield code="o">515 T159A</subfield>
    <subfield code="p">264503</subfield>
    <subfield code="r">2023-09-17 21:34:23</subfield>
    <subfield code="w">2023-09-17</subfield>
    <subfield code="y">BK</subfield>
  </datafield>
  <datafield tag="952" ind1=" " ind2=" ">
    <subfield code="0">0</subfield>
    <subfield code="1">0</subfield>
    <subfield code="4">0</subfield>
    <subfield code="6">515_000000000000000_T159A</subfield>
    <subfield code="7">0</subfield>
    <subfield code="9">241885</subfield>
    <subfield code="a">MAIN</subfield>
    <subfield code="b">MAIN</subfield>
    <subfield code="d">2010-01-15</subfield>
    <subfield code="l">0</subfield>
    <subfield code="o">515 T159A</subfield>
    <subfield code="p">264504</subfield>
    <subfield code="r">2023-09-17 21:34:23</subfield>
    <subfield code="w">2023-09-17</subfield>
    <subfield code="y">BK</subfield>
  </datafield>
  <datafield tag="952" ind1=" " ind2=" ">
    <subfield code="0">0</subfield>
    <subfield code="1">0</subfield>
    <subfield code="4">0</subfield>
    <subfield code="6">515_000000000000000_T159A</subfield>
    <subfield code="7">0</subfield>
    <subfield code="9">241886</subfield>
    <subfield code="a">MAIN</subfield>
    <subfield code="b">MAIN</subfield>
    <subfield code="d">2010-01-15</subfield>
    <subfield code="l">0</subfield>
    <subfield code="o">515 T159A</subfield>
    <subfield code="p">311502</subfield>
    <subfield code="r">2023-09-17 21:34:23</subfield>
    <subfield code="w">2023-09-17</subfield>
    <subfield code="y">BK</subfield>
  </datafield>
  <datafield tag="999" ind1=" " ind2=" ">
    <subfield code="c">148525</subfield>
    <subfield code="d">148525</subfield>
  </datafield>
</record>
